| 000 | 00689nam a2200229Ia 4500 | ||
|---|---|---|---|
| 003 | OSt | ||
| 005 | 20221005115148.0 | ||
| 006 | a|||||r|||| 00| 0 | ||
| 007 | ta | ||
| 008 | 221004b |||||||| |||| 00| 0 eng d | ||
| 024 | _a43383 | ||
| 037 | _cTextual | ||
| 040 |
_aCRL _cCRL _beng |
||
| 041 |
_2eng _aeng |
||
| 082 | _aO:1M12k, D2-;1 | ||
| 100 | _aBerdoe Edward | ||
| 245 | 0 |
_aBrowning cyclopaedia _b a guide to the study of the works of Robert Browning with copious explanatory notes and reference on all difficult passages |
|
| 260 | _c1902 | ||
| 650 | _aENGLISH LITERATURE | ||
| 942 |
_hO:1M12k, D2-;1 _cTEXL _2cc |
||
| 999 |
_c1033614 _d1033614 |
||